Loading...
A Separate Reality : further conversations with Don fuan
| Main Author: | |
|---|---|
| Format: | Printed Book |
| Language: | English |
| Published: |
London :
Penguin ,
c1975.
|
| LEADER | 00453nam a22001217a 4500 | ||
|---|---|---|---|
| 008 | 170304b xxu||||| |||| 00| 0 eng d | ||
| 100 | |a Castaneda, Carlos | ||
| 245 | |a A Separate Reality : |b further conversations with Don fuan | ||
| 260 | |a London : |b Penguin , |c c1975. | ||
| 300 | |b 268p. | ||
| 942 | |c BK | ||
| 999 | |c 196252 |d 196252 | ||
| 952 | |0 0 |1 0 |4 0 |6 299_700000000000000_CAS_S |7 0 |9 216855 |a ENG |b ENG |c ST1 |d 2017-03-04 |i 10351 |l 0 |o 299.7 CAS/S |p ENG10351 |r 2017-03-04 |w 2018-08-21 |y BK | ||